Postacie Marvela - Statystyki

Ogólne statystyki
  • Ten quiz został rozwiązany 411 razy
  • Średni wynik to 26 z 54
Statystyki odpowiedzi
Film / serial Postać % Poprawnych
Niesamowity Hulk Hulk
98%
Iron Man III Iron Man
98%
Kapitan Ameryka: Pierwsze Starcie Kapitan Ameryka
98%
Czarna Wdowa Czarna wdowa
97%
Thor: Mroczny Świat Thor
96%
Loki Loki
95%
Hawkeye Hawkeye
94%
Doktor Strange w Multiwersum Obłędu Doktor Strange
84%
Kapitan Marvel Kapitan Marvel
79%
Spider: Daleko od domu Spider-man
79%
Czarna Pantera Czarna Pantera
78%
Avengers: Czas Ultrona Ultron
77%
Wandavision Vision
75%
The Falcon and the WInter Soldier Falcon
74%
Ant-man i Osa Ant-man
73%
Ant-man i Osa Osa
71%
Strażnicy Galaktyki vol.2 Gamora
70%
Strażnicy Galaktyki vol.2 Groot
68%
Strażnicy Galaktyki vol.2 Star Lord
67%
Strażnicy Galaktyki vol.2 Rocket
64%
The Falcon and the WInter Soldier Zimowy Żołnierz
62%
Strażnicy Galaktyki vol.2 Drax
59%
Avengers: Koniec gry Thanos
53%
Moon Knight Moon Knight
52%
Wandavision Scarlet WItch
52%
Strażnicy Galaktyki vol.2 Nebula
49%
Avengers Nick Fury
46%
Ms. Marvel Ms. Marvel
43%
Czarna Pantera Shuri
42%
Strażnicy Galaktyki vol.2 Mantis
39%
Avengers: Czas Ultrona Quicksilver
36%
Hawkeye Kate Bishop
31%
Spider: Daleko od domu MJ
30%
Iron Man III Pepper Potts
29%
Spider: Daleko od domu Ned
25%
Doktor Strange w Multiwersum Obłędu Wong
24%
Czarna Wdowa Yelena Belova
24%
Kapitan Ameryka: Pierwsze starcie Peggy Carter
22%
Eternals Ikaris
21%
Czarna Pantera Okoye
21%
Avengers: Wojna Bohaterów War Machine
19%
Eternals Thena
17%
Eternals Sersi
15%
Eternals Sprite
15%
Eternals Ajak
14%
Eternals Gilgamesh
13%
Eternals Druig
11%
Eternals Makkari
11%
Eternals Kingo
10%
The Falcon and the WInter Soldier Sharon Carter
10%
Thor: Ragnarok Valkyrie
9%
Czarna Pantera Nakia
8%
Eternals Phastos
8%
Doktor Strange w Multiwersum Obłędu America Chavens
1%
Nie znaleziono quizów pasujących do podanych kryteriów
Rozkład punktacji
Procent ludzi z każdym wynikiem
Percentyl według liczby udzielonych odpowiedzi
Twoja historia wyników
Nie rozwiązałeś tego quizu